Παθολογική - Χειρουργική Νοσηλευτική / Κριτική Σκέψη κατά τη Φροντίδα του Ασθενούς: Πέμπτη Έκδοση - Τόμος Α' (Record no. 3164)
[ view plain ]
| 000 -LEADER | |
|---|---|
| fixed length control field | 02661cam a22002414a 4500 |
| 005 - ΗΜΕΡΟΜΗΝΙΑ ΚΑΙ ΩΡΑ ΤΕΛΕΥΤΑΙΑΣ ΕΝΗΜΕΡΩΣΗΣ | |
| Πεδίο ελέγχου | 20250605164107.0 |
| 008 - FIXED-LENGTH DATA ELEMENTS--GENERAL INFORMATION | |
| Πεδίο ελέγχου σταθερού μήκους | 250528s ||||||||||||||||||||||||d |
| 035 ## - SYSTEM CONTROL NUMBER | |
| System control number | 17764 |
| 020 ## - ISBN | |
| ISBN | 9789607875815 |
| 040 ## - ΠΗΓΗ ΚΑΤΑΛΟΓΟΓΡΑΦΗΣΗΣ | |
| Φορέας πρωτότυπης καταλογογράφησης | MC Athens Campus Library |
| Γλώσσα καταλογογράφησης | Ελληνικά, Μοντέρνα (1453-) |
| Modifying agency | MC Athens Campus Library |
| Κανόνες περιγραφικής καταλογογράφησης | AACR2 |
| 245 1# - ΤΙΤΛΟΣ ΚΑΙ ΔΗΛΩΣΗ ΥΠΕΥΘΥΝΟΤΗΤΑΣ | |
| Τίτλος | Παθολογική - Χειρουργική Νοσηλευτική / Κριτική Σκέψη κατά τη Φροντίδα του Ασθενούς: Πέμπτη Έκδοση - Τόμος Α' |
| 250 ## - EDITION STATEMENT | |
| Edition statement | 5η |
| 260 ## - PUBLICATION, DISTRIBUTION, ETC. | |
| Name of publisher, distributor, etc. | Ιατρικές Εκδόσεις - Λαγός Δημήτριος, |
| Date of publication, distribution, etc. | 2011 |
| 300 ## - PHYSICAL DESCRIPTION | |
| Extent | 1066 |
| 520 ## - SUMMARY, ETC. | |
| Summary, etc. | Παθολογική - Χειρουργική Νοσηλευτική Πρακτική, Αντικείμενο της Παθολογικής - Χειρουργικής Νοσηλευτικής, Υγεία και Ασθένεια στους Ενήλικες, Κοινοτική και Κατ'Οίκον Φροντίδα στους Ενήλικες, Αλλαγές στα Πρότυπα Υγείας, Νοσηλευτική Φροντίδα Ασθενών που Υποβάλλονται σε Χειρουργική Επέμβαση, Νοσηλευτική Φροντίδα Ασθενών που Βιώνουν Απώλεια και Θρήνο και Θάνατο, Νοσηλευτική Φροντίδα Ασθενών με Προβλήματα Κατάχρησης Ουσιών, Νοσηλευτική Φροντίδα Ασθενών που Βιώνουν Καταστροφές, Παθοφυσιολογία και Πρότυπα Υγείας, Ο Ρόλος της Γενετικής στη Νοσηλευτική Φροντίδα Ενηλίκων, Νοσηλευτική Φροντίδα Ασθενών με Πόνο, Νοσηλευτική Φροντίδα του Τραυματία και του Ασθενούς σε Shock, Νοσηλευτική Φροντίδα Ασθενών με Καρκίνο, Θρέψη - Μεταβολισμός, Αντιδράσεις στις Διαταραχές της Δομής και της Λειτουργίας του Καλυπτηρίου Συστήματος, Αντιδράσεις στις Διαταραχές Ενδοκρινικής Λειτουργίας, Αντιδράσεις στις Διαταραχές της Γαστρεντερικής Λειτουργίας, Αποβολή Ούρων, Αντιδράσεις στις Διαταραχές Ούρησης. |
| 700 1# - ΠΡΟΣΘΕΤΗ ΑΝΑΓΡΑΦΗ--ΦΥΣΙΚΟ ΠΡΟΣΩΠΟ | |
| Personal name | Bauldoff Gerene |
| 9 (RLIN) | 3991 |
| 700 1# - ΠΡΟΣΘΕΤΗ ΑΝΑΓΡΑΦΗ--ΦΥΣΙΚΟ ΠΡΟΣΩΠΟ | |
| Personal name | Burke Karen |
| 9 (RLIN) | 3992 |
| 700 1# - ΠΡΟΣΘΕΤΗ ΑΝΑΓΡΑΦΗ--ΦΥΣΙΚΟ ΠΡΟΣΩΠΟ | |
| Personal name | Lemone Priscilla |
| 9 (RLIN) | 3993 |
| 700 1# - ΠΡΟΣΘΕΤΗ ΑΝΑΓΡΑΦΗ--ΦΥΣΙΚΟ ΠΡΟΣΩΠΟ | |
| Personal name | Πανανουδάκη-Μροκολάκη Ηρώ |
| 9 (RLIN) | 3994 |
| 942 ## - ADDED ENTRY ELEMENTS (KOHA) | |
| Koha item type | Books |
| Τύπος τεκμηρίου | Βιβλιοθήκη | Τρέχουσα τοποθεσία | Barcode | Αριθμός εισαγωγής | Ημερομηνία απόκτησης | Ταξιθετικό σύμβολο | Αριθμός αντιτύπου | Κατάσταση απόσυρσης | Κατάσταση χαμένου | Κατάσταση κατεστραμμένου | Μη δανεισμός | Σύνολο δανεισμών | Ημερομηνία τελευταίας εμφάνισης | Η τιμή ισχύει από |
|---|---|---|---|---|---|---|---|---|---|---|---|---|---|---|
| Books | MC Athens Campus Library | MC Athens Campus Library | 9780000031631 | 7141 | 05/06/2025 | 610.73677 LEM V.A | 1 | 05/06/2025 | 05/06/2025 |